[Event "1. Bundesliga 2010/2011"]
[Site "Graz"]
[Date "2011.01.22"]
[Round "6"]
[Board "5"]
[White "Froewis, Georg"]
[Black "Pitl, Gregory"]
[Result "1/2-1/2"]
[WhiteElo "2284"]
[BlackElo "2376"]
[PlyCount "66"]
[EventDate "2010.11.19"]
[EventType "team"]
[EventRounds "11"]
[EventCountry "AUT"]
[WhiteTeam "SK Hohenems"]
[BlackTeam "Wuestenrot SIR Salzburg"]

1.d4 Nf6 2.c4 e6 3.g3 c5 4.d5 exd5 5.cxd5 d6 6.Nc3 g6 7.Bg2 Bg7 8.Nf3 O-O 9.O-O
Re8 10.h3 b6 11.Nd2 Ba6 12.a4 Nbd7 13.Nb5 Ne5 14.f4 Ned7 15.e4 Bxb5 16.axb5 a6
17.bxa6 b5 18.Qb3 Qb6 19.Qa3 c4+ 20.Kh2 Nc5 21.a7 Nfd7 22.Qa5 Qb7 23.e5 f5 24.e6
Nf6 25.b4 Nd3 26.Ra3 Re7 27.Nb1 Ne4 28.Bxe4 fxe4 29.f5 Nxc1 30.f6 Bxf6 31.Rxf6
Qxd5 32.Qb6 Kg7 33.Nc3 Qg5

[Event "1. Bundesliga 2010/2011"]
[Site "Graz"]
[Date "2011.01.22"]
[Round "6"]
[Board "6"]
[White "Lickleder, Andreas"]
[Black "Gaertner, Guntram"]
[Result "1/2-1/2"]
[WhiteElo "2235"]
[BlackElo "2332"]
[PlyCount "60"]
[EventDate "2010.11.19"]
[EventType "team"]
[EventRounds "11"]
[EventCountry "AUT"]
[WhiteTeam "Wuestenrot SIR Salzburg"]
[BlackTeam "SK Hohenems"]

1.e4 e6 2.d4 d5 3.Nc3 Nf6 4.Bg5 dxe4 5.Nxe4 Be7 6.Nxf6+ Bxf6 7.Bxf6 Qxf6 8.Nf3
Nd7 9.Bd3 c5 10.Qe2 cxd4 11.O-O-O a6 12.Be4 Nc5 13.Rxd4 Bd7 14.Rhd1 Nxe4 15.Rxd7
Nc5 16.R7d4 O-O 17.Qe3 Rac8 18.Ne5 Qf5 19.Rc4 f6 20.Rxc5 Rxc5 21.Qxc5 fxe5
22.Rd2 Qe4 23.f3 Qe1+ 24.Rd1 Qe2 25.Qe7 h6 26.Qxe6+ Kh7 27.b3 Qxg2 28.Qxe5 Qxf3
29.Rd7 Rf7 30.Rxf7 Qxf7

[Event "1. Bundesliga 2010/2011"]
[Site "Graz"]
[Date "2011.01.22"]
[Round "6"]
[Board "1"]
[White "Kurnosov, Igor"]
[Black "Farago, Ivan"]
[Result "1-0"]
[WhiteElo "2653"]
[BlackElo "2448"]
[PlyCount "61"]
[EventDate "2010.11.19"]
[EventType "team"]
[EventRounds "11"]
[EventCountry "AUT"]
[WhiteTeam "SK Sparkasse Fuerstenfeld"]
[BlackTeam "ASVOE VHS Poechlarn"]

1.e4 e6 2.d4 d5 3.Nc3 Bb4 4.e5 c5 5.a3 Bxc3+ 6.bxc3 Ne7 7.h4 Qa5 8.Bd2 Nbc6 9.h5
h6 10.Qg4 Nf5 11.Bd3 O-O 12.Qh3 f6 13.g4 Nfe7 14.exf6 Rxf6 15.Nf3 c4 16.Be2 Bd7
17.Ne5 Nxe5 18.dxe5 Rf7 19.g5 Nf5 20.gxh6 gxh6 21.Rg1+ Kh8 22.Rg6 Qb6 23.Bg4 Qb2
24.Rc1 Qxa3 25.Bxf5 exf5 26.e6 Re8 27.Qe3 Qf8 28.Kf1 Rf6 29.Qd4 Rexe6 30.Bxh6
Qe7 31.Bg5

[Event "1. Bundesliga 2010/2011"]
[Site "Graz"]
[Date "2011.01.22"]
[Round "6"]
[Board "2"]
[White "Tuncer, Ufuk"]
[Black "Mikhalevski, Victor"]
[Result "0-1"]
[WhiteElo "2289"]
[BlackElo "2584"]
[PlyCount "106"]
[EventDate "2010.11.19"]
[EventType "team"]
[EventRounds "11"]
[EventCountry "AUT"]
[WhiteTeam "ASVOE VHS Poechlarn"]
[BlackTeam "SK Sparkasse Fuerstenfeld"]

1.d4 Nf6 2.c4 g6 3.Nc3 d5 4.cxd5 Nxd5 5.Bd2 Bg7 6.e4 Nb6 7.Be3 O-O 8.Bb5 Be6
9.Nge2 c6 10.Bd3 Nc4 11.Bc1 Bxd4 12.Nxd4 Qxd4 13.O-O Na6 14.Be2 Qe5 15.Bh6 Rfd8
16.Qc1 Nb4 17.f4 Qd4+ 18.Kh1 f6 19.Rd1 Qb6 20.f5 Bf7 21.a3 Na6 22.Bxc4 Bxc4
23.e5 Rxd1+ 24.Nxd1 Qd4 25.Qc2 g5 26.Ne3 Bf7 27.Qf2 Nc5 28.Rd1 Nd3 29.Qg3 Rd8
30.h3 Qh4 31.Qxh4 gxh4 32.Kg1 fxe5 33.Bg5 Rd4 34.Bxe7 Nxb2 35.Rb1 Rd2 36.Bxh4
Ba2 37.Ra1 Nd3 38.Nf1 Rb2 39.Rd1 e4 40.Bf6 Rc2 41.Ne3 Re2 42.Ng4 Bd5 43.Bc3 Nf4
44.Nh6+ Kf8 45.f6 Rxg2+ 46.Kh1 Rc2 47.Be5 Nd3 48.Bd6+ Ke8 49.Kg1 Rf2 50.Be7 Rf3
51.Kh2 Nf2 52.Rxd5 cxd5 53.Kg2 Nxh3

[Event "1. Bundesliga 2010/2011"]
[Site "Graz"]
[Date "2011.01.22"]
[Round "6"]
[Board "3"]
[White "Hera, Imre"]
[Black "Kostic, Vladimir"]
[Result "1-0"]
[WhiteElo "2565"]
[BlackElo "2448"]
[PlyCount "91"]
[EventDate "2010.11.19"]
[EventType "team"]
[EventRounds "11"]
[EventCountry "AUT"]
[WhiteTeam "SK Sparkasse Fuerstenfeld"]
[BlackTeam "ASVOE VHS Poechlarn"]

1.c4 e6 2.d4 d5 3.Nc3 c5 4.cxd5 exd5 5.Nf3 Nc6 6.g3 Nf6 7.Bg2 Be7 8.O-O O-O
9.dxc5 Bxc5 10.a3 Be6 11.b4 Be7 12.Bb2 Rc8 13.Rc1 h6 14.Nd4 Nxd4 15.Qxd4 a5
16.Nxd5 Bxd5 17.Rxc8 Qxc8 18.Bxd5 axb4 19.axb4 Rd8 20.e4 Qh3 21.Rc1 Qd7 22.Rd1
Qa4 23.Kg2 Kf8 24.Bc3 Qb5 25.Rd2 Rc8 26.Qe5 Qb6 27.Bd4 Qb5 28.Bc3 Qb6 29.Bd4 Qb5
30.Qf5 Rd8 31.Bxf6 Bxf6 32.Rc2 Qd7 33.Qxd7 Rxd7 34.Rc8+ Ke7 35.Rb8 Bd4 36.Rxb7
Rxb7 37.Bxb7 f5 38.exf5 Kf6 39.Bc8 Bb6 40.f4 Ke7 41.Kf3 Kd6 42.h4 Kc6 43.g4 Bd4
44.g5 Kd6 45.f6 gxf6 46.g6

[Event "1. Bundesliga 2010/2011"]
[Site "Graz"]
[Date "2011.01.22"]
[Round "6"]
[Board "4"]
[White "Weinzettl, Ernst"]
[Black "Rapport, Richard"]
[Result "0-1"]
[WhiteElo "2330"]
[BlackElo "2540"]
[PlyCount "100"]
[EventDate "2010.11.19"]
[EventType "team"]
[EventRounds "11"]
[EventCountry "AUT"]
[WhiteTeam "ASVOE VHS Poechlarn"]
[BlackTeam "SK Sparkasse Fuerstenfeld"]

1.e4 c5 2.Nf3 d6 3.d4 cxd4 4.Nxd4 Nf6 5.Nc3 g6 6.Be3 Bg7 7.f3 O-O 8.Qd2 Nc6
9.O-O-O d5 10.Kb1 Nxd4 11.e5 Nf5 12.exf6 exf6 13.Bc5 d4 14.Bxf8 Qxf8 15.Nb5 Ne3
16.Rc1 Bh6 17.f4 Bxf4 18.Qxd4 Bg5 19.Bd3 Bf5 20.Qd6 Qe8 21.Nc7 Qd8 22.Qxd8+ Rxd8
23.Bxf5 gxf5 24.h4 Bf4 25.Rce1 Nc4 26.Re8+ Rxe8 27.Nxe8 Be5 28.Rd1 Kf8 29.Rd8
Ke7 30.Ra8 f4 31.Ng7 Ne3 32.Rxa7 Kf8 33.Nh5 Nxg2 34.Nxf4 Bxf4 35.Rxb7 f5 36.a4
Bd2 37.Rd7 Be1 38.Rd3 f4 39.Kc1 Ne3 40.c3 Bxh4 41.Kd2 Nc4+ 42.Ke2 Nxb2 43.Rf3
Nxa4 44.Rxf4 Nxc3+ 45.Kd3 Bg3 46.Rxf7+ Kxf7 47.Kxc3 h5 48.Kd3 h4 49.Ke2 h3
50.Kf3 Be1

[Event "1. Bundesliga 2010/2011"]
[Site "Graz"]
[Date "2011.01.22"]
[Round "6"]
[Board "5"]
[White "Pinter, Jozsef"]
[Black "Rumpl, Erwin"]
[Result "1-0"]
[WhiteElo "2521"]
[BlackElo "2326"]
[PlyCount "89"]
[EventDate "2010.11.19"]
[EventType "team"]
[EventRounds "11"]
[EventCountry "AUT"]
[WhiteTeam "SK Sparkasse Fuerstenfeld"]
[BlackTeam "ASVOE VHS Poechlarn"]

1.c4 c6 2.Nc3 d5 3.d4 dxc4 4.e3 b5 5.a4 b4 6.Na2 e6 7.Bxc4 Nf6 8.Nf3 Nbd7 9.Bd2
a5 10.O-O Bb7 11.Nc1 Be7 12.Qe2 Ne4 13.Nb3 O-O 14.Rfc1 Qb6 15.Rc2 c5 16.Bb5 Rfd8
17.Be1 Rac8 18.Rac1 Nef6 19.Nfd2 cxd4 20.Rxc8 Rxc8 21.Rxc8+ Bxc8 22.Nc4 Qc7
23.exd4 Bb7 24.Nbxa5 Bd5 25.Nb3 Nb6 26.Nbd2 Nc8 27.Ne3 Bb7 28.Nf3 Nd5 29.Qc4 Qd8
30.Qc2 Na7 31.Bd3 Nf6 32.Be2 Be4 33.Bd3 Bb7 34.Ne5 g6 35.Qc4 Qb6 36.Be2 Nd5
37.Bf3 Qa5 38.b3 Nc8 39.Nc6 Bxc6 40.Qxc6 Ncb6 41.Nxd5 Nxd5 42.Bxd5 exd5 43.Qe8+
Bf8 44.Bd2 Kg7 45.Bh6+

[Event "1. Bundesliga 2010/2011"]
[Site "Graz"]
[Date "2011.01.22"]
[Round "6"]
[Board "6"]
[White "Gattermayer, Robert"]
[Black "Kilgus, Georg"]
[Result "0-1"]
[WhiteElo "2026"]
[BlackElo "2375"]
[PlyCount "86"]
[EventDate "2010.11.19"]
[EventType "team"]
[EventRounds "11"]
[EventCountry "AUT"]
[WhiteTeam "ASVOE VHS Poechlarn"]
[BlackTeam "SK Sparkasse Fuerstenfeld"]

1.e4 c5 2.Nc3 Nc6 3.g3 g6 4.Bg2 Bg7 5.d3 d6 6.f4 e6 7.Nf3 Nge7 8.Be3 b6 9.O-O
O-O 10.Qd2 d5 11.Bf2 dxe4 12.dxe4 Qxd2 13.Nxd2 Ba6 14.Rfe1 Rad8 15.Nf3 Bxc3
16.bxc3 Na5 17.g4 Rd7 18.Bh4 f6 19.Rad1 Bb5 20.Rxd7 Bxd7 21.Rd1 Ba4 22.Rd6 Kf7
23.e5 Nc4 24.Rd3 Nd5 25.exf6 Nxf4 26.Ng5+ Kg8 27.f7+ Kg7 28.Rf3 e5 29.Bg3 h6
30.Bxf4 hxg5 31.Bxg5 Bc6 32.Bh6+ Kxh6 33.Rh3+ Kg5 34.Bxc6 Rxf7 35.Bd5 Rf4 36.Be6
Nd2 37.Rh7 Rf6 38.h4+ Kf4 39.Bc8 Kg3 40.Bf5 gxf5 41.g5 Rd6 42.Rh6 Nf3+ 43.Kf1
Rd2

[Event "1. Bundesliga 2010/2011"]
[Site "Graz"]
[Date "2011.01.22"]
[Round "6"]
[Board "1"]
[White "Meier, Georg"]
[Black "Lanka, Zigurds"]
[Result "1-0"]
[WhiteElo "2669"]
[BlackElo "2477"]
[PlyCount "113"]
[EventDate "2010.11.19"]
[EventType "team"]
[EventRounds "11"]
[EventCountry "AUT"]
[WhiteTeam "SK Advisory Invest Baden"]
[BlackTeam "Mayrhofen/Zillertal"]

1.Nf3 Nf6 2.g3 c5 3.c4 g6 4.Bg2 Bg7 5.Nc3 d5 6.cxd5 Nxd5 7.Nxd5 Qxd5 8.O-O Nc6
9.d3 O-O 10.Be3 Bd7 11.Nd4 Qd6 12.Nxc6 Bxc6 13.Bxc6 Qxc6 14.Rc1 Qe6 15.Rxc5 b6
16.Rb5 Qxa2 17.Qb3 Qxb3 18.Rxb3 Rfc8 19.Ra1 f5 20.Kf1 Kf7 21.Ra2 Bf6 22.Rb4 Rcb8
23.Ra6 Rb7 24.b3 Rc8 25.Rc4 Rcc7 26.f3 Rd7 27.g4 Rd5 28.h3 h5 29.g5 Be5 30.Bd2
Bd6 31.Ke1 Rb5 32.b4 Rd5 33.Bc3 Ke6 34.Kd1 Kd7 35.Kc2 Bc7 36.f4 b5 37.Rd4 Rxd4
38.Bxd4 Bxf4 39.Rxg6 Rc7+ 40.Kb2 Rc8 41.Rg7 Ke6 42.g6 Bg5 43.Kb3 h4 44.Rh7 Rg8
45.g7 Kf7 46.Rh5 Kg6 47.Rh8 Kf7 48.Kc3 Bf4 49.Rxg8 Kxg8 50.Bxa7 Kxg7 51.Kd4 e6
52.Kc5 Be3+ 53.d4 e5 54.Kxb5 f4 55.Kc4 e4 56.Bc5 Kf7 57.d5

[Event "1. Bundesliga 2010/2011"]
[Site "Graz"]
[Date "2011.01.22"]
[Round "6"]
[Board "2"]
[White "Maiwald, Jens-Uwe"]
[Black "Socko, Bartosz"]
[Result "1/2-1/2"]
[WhiteElo "2468"]
[BlackElo "2660"]
[PlyCount "64"]
[EventDate "2010.11.19"]
[EventType "team"]
[EventRounds "11"]
[EventCountry "AUT"]
[WhiteTeam "Mayrhofen/Zillertal"]
[BlackTeam "SK Advisory Invest Baden"]

1.e4 e6 2.d3 d5 3.Qe2 dxe4 4.dxe4 e5 5.Nf3 Nd7 6.Nbd2 Bc5 7.Nc4 Qe7 8.c3 a5
9.Bg5 Qe6 10.Ne3 Ne7 11.Nd2 f6 12.Bh4 b6 13.Qf3 Bxe3 14.Qxe3 Nc5 15.f3 Ba6
16.Bxa6 Nxa6 17.Bf2 O-O-O 18.Qe2 Kb7 19.Qc4 Qd7 20.O-O-O Ng6 21.Nb3 Qc6 22.Qxc6+
Kxc6 23.Rxd8 Rxd8 24.g3 h5 25.Kc2 Nf8 26.Rd1 Re8 27.Nd2 Ne6 28.Be3 Nb8 29.f4
exf4 30.gxf4 Nd7 31.Rg1 Re7 32.b4 axb4

[Event "1. Bundesliga 2010/2011"]
[Site "Graz"]
[Date "2011.01.22"]
[Round "6"]
[Board "3"]
[White "Balogh, Csaba"]
[Black "Hausner, Ivan"]
[Result "1-0"]
[WhiteElo "2601"]
[BlackElo "2430"]
[PlyCount "43"]
[EventDate "2010.11.19"]
[EventType "team"]
[EventRounds "11"]
[EventCountry "AUT"]
[WhiteTeam "SK Advisory Invest Baden"]
[BlackTeam "Mayrhofen/Zillertal"]

1.e4 e6 2.d4 d5 3.Nd2 Be7 4.c3 c5 5.dxc5 Nf6 6.exd5 Qxd5 7.b4 a5 8.Ngf3 axb4
9.cxb4 Nc6 10.Bc4 Qh5 11.Qb3 e5 12.Bb2 O-O 13.Nf1 e4 14.Ng3 Qh6 15.Nd4 e3
16.fxe3 Ng4 17.Ngf5 Bxf5 18.Nxf5 Qg5 19.O-O Bf6 20.h4 Qh5 21.Be2 Bxh4 22.Bxg4

[Event "1. Bundesliga 2010/2011"]
[Site "Graz"]
[Date "2011.01.22"]
[Round "6"]
[Board "4"]
[White "Platzgummer, Fabian"]
[Black "Shengelia, David"]
[Result "1-0"]
[WhiteElo "2311"]
[BlackElo "2573"]
[PlyCount "79"]
[EventDate "2010.11.19"]
[EventType "team"]
[EventRounds "11"]
[EventCountry "AUT"]
[WhiteTeam "Mayrhofen/Zillertal"]
[BlackTeam "SK Advisory Invest Baden"]

1.Nf3 d6 2.d4 Nf6 3.g3 Nbd7 4.Bg2 e5 5.c4 c6 6.Nc3 e4 7.Nd2 d5 8.f3 exf3 9.Bxf3
h5 10.e4 Qb6 11.exd5 cxd5 12.Qe2+ Be7 13.Bxd5 Qxd4 14.Nf3 Qg4 15.Bf4 Nc5
16.Bxf7+ Kxf7 17.Ne5+ Kf8 18.Nxg4 Bxg4 19.Qe3 Rd8 20.Nd5 Nxd5 21.cxd5 Rxd5
22.O-O Ke8 23.h3 Bxh3 24.Rfd1 Rxd1+ 25.Rxd1 Ne6 26.Qe4 Bg4 27.Qg6+ Kf8 28.Rf1
Nxf4 29.Rxf4+ Bf6 30.Qe4 Kf7 31.Qxb7+ Kg6 32.Qe4+ Kg5 33.Qe3 Kg6 34.Qe4+ Kg5
35.Qe3 Kg6 36.Qxa7 Bxb2 37.Qf7+ Kh6 38.Qb7 Be5 39.Rxg4 hxg4 40.Qh1+

[Event "1. Bundesliga 2010/2011"]
[Site "Graz"]
[Date "2011.01.22"]
[Round "6"]
[Board "5"]
[White "Turov, Maxim"]
[Black "Tabernig, Bernhard"]
[Result "1-0"]
[WhiteElo "2635"]
[BlackElo "2300"]
[PlyCount "95"]
[EventDate "2010.11.19"]
[EventType "team"]
[EventRounds "11"]
[EventCountry "AUT"]
[WhiteTeam "SK Advisory Invest Baden"]
[BlackTeam "Mayrhofen/Zillertal"]

1.d4 Nf6 2.c4 e6 3.Nc3 Bb4 4.Qc2 O-O 5.Bg5 h6 6.Bh4 c5 7.e3 b6 8.Bd3 Bb7 9.Nge2
cxd4 10.exd4 d5 11.cxd5 exd5 12.O-O Nbd7 13.Rfe1 Rc8 14.Qa4 a5 15.Bb5 Nb8 16.a3
Bd6 17.f3 g5 18.Bg3 Nh5 19.Qc2 Nxg3 20.Nxg3 Bxg3 21.hxg3 Qf6 22.Re5 Bc6 23.Qe2
Rfd8 24.Rd1 Kg7 25.Bxc6 Qxc6 26.f4 Nd7 27.Rxd5 Re8 28.Qb5 Nf6 29.Qxc6 Rxc6
30.Re5 gxf4 31.Rxe8 Nxe8 32.d5 Rg6 33.Nb5 Rxg3 34.d6 Nf6 35.d7 Nxd7 36.Rxd7 Rb3
37.Nd6 Kf6 38.Ne8+ Ke5 39.Rd2 b5 40.Kf2 h5 41.Nd6 f6 42.Nb7 a4 43.Na5 Rg3
44.Nc6+ Ke4 45.Rd4+ Kf5 46.Rb4 Rd3 47.Nd4+ Kg4 48.Ne2

[Event "1. Bundesliga 2010/2011"]
[Site "Graz"]
[Date "2011.01.22"]
[Round "6"]
[Board "6"]
[White "Schiestl, Josef"]
[Black "Baumegger, Siegfried"]
[Result "0-1"]
[WhiteElo "2138"]
[BlackElo "2398"]
[PlyCount "69"]
[EventDate "2010.11.19"]
[EventType "team"]
[EventRounds "11"]
[EventCountry "AUT"]
[WhiteTeam "Mayrhofen/Zillertal"]
[BlackTeam "SK Advisory Invest Baden"]

1.e4 e6 2.d4 d5 3.Nd2 c5 4.Ngf3 cxd4 5.Nxd4 Nf6 6.Bb5+ Bd7 7.Bxd7+ Nbxd7 8.exd5
Nxd5 9.O-O Be7 10.Ne4 O-O 11.c4 N5f6 12.Nxf6+ Nxf6 13.Be3 Qc7 14.Qe2 a6 15.Rfd1
Rac8 16.Rac1 Rfe8 17.h3 g6 18.Bg5 e5 19.Nf3 Nh5 20.Bxe7 Rxe7 21.Qe3 e4 22.Nd4 f5
23.c5 Nf4 24.c6 b5 25.Qb3+ Kh8 26.Rc2 Nd3 27.Qc3 Qe5 28.Re2 Nf4 29.Ree1 Nd5
30.Qc5 Nf6 31.Qc3 f4 32.Re2 Rce8 33.Qc2 Qg5 34.Rde1 f3 35.Rd1

[Event "1. Bundesliga 2010/2011"]
[Site "Graz"]
[Date "2011.01.23"]
[Round "7"]
[Board "1"]
[White "Lanka, Zigurds"]
[Black "Volokitin, Andrei"]
[Result "1/2-1/2"]
[WhiteElo "2477"]
[BlackElo "2677"]
[PlyCount "61"]
[EventDate "2010.11.19"]
[EventType "team"]
[EventRounds "11"]
[EventCountry "AUT"]
[WhiteTeam "Mayrhofen/Zillertal"]
[BlackTeam "SK Sparkasse Jenbach"]

1.e4 c5 2.Nf3 d6 3.d4 cxd4 4.Nxd4 Nf6 5.Nc3 a6 6.Be3 e6 7.Be2 Qc7 8.a3 b5 9.g4
Bb7 10.f3 Nc6 11.g5 Nd7 12.Nxc6 Bxc6 13.Qd4 Qb7 14.O-O e5 15.Qd2 Be7 16.Nd5 Bd8
17.Rad1 Bxd5 18.Qxd5 Qxd5 19.Rxd5 Ke7 20.Rfd1 Bc7 21.f4 Rab8 22.Kg2 Rhd8 23.fxe5
Nxe5 24.Bd4 f6 25.Bxe5 fxe5 26.R5d3 h6 27.Rg3 Rf8 28.gxh6 gxh6 29.Rf1 Rxf1
30.Bxf1 Rf8 31.Rg7+

[Event "1. Bundesliga 2010/2011"]
[Site "Graz"]
[Date "2011.01.23"]
[Round "7"]
[Board "2"]
[White "Gyimesi, Zoltan"]
[Black "Maiwald, Jens-Uwe"]
[Result "1-0"]
[WhiteElo "2601"]
[BlackElo "2468"]
[PlyCount "85"]
[EventDate "2010.11.19"]
[EventType "team"]
[EventRounds "11"]
[EventCountry "AUT"]
[WhiteTeam "SK Sparkasse Jenbach"]
[BlackTeam "Mayrhofen/Zillertal"]

1.d4 d6 2.Nf3 g6 3.c4 Bg7 4.e4 Bg4 5.Be2 Nc6 6.Be3 e5 7.d5 Bxf3 8.Bxf3 Nd4
9.Bxd4 exd4 10.O-O Ne7 11.Nd2 c5 12.Be2 O-O 13.Bd3 g5 14.Re1 Ng6 15.Nf1 Be5
16.a4 a5 17.Ra3 Ra6 18.Rb3 Rb6 19.Rb5 Kg7 20.b3 Rxb5 21.cxb5 b6 22.g3 Bf6 23.Nd2
Rh8 24.Be2 Ne5 25.Nc4 Nxc4 26.bxc4 Be5 27.Bh5 Rf8 28.Qg4 Kh8 29.Rd1 f5 30.exf5
Qf6 31.Rd3 Qxf5 32.Qe2 Qf6 33.Rf3 Qe7 34.Rxf8+ Qxf8 35.Bf3 Qf5 36.Be4 Qh3 37.Qf3
Kg7 38.Bf5 Qh6 39.Qg4 Kf6 40.Bd3 Ke7 41.Qc8 Qh5 42.Qc7+ Kf6 43.Kg2

[Event "1. Bundesliga 2010/2011"]
[Site "Graz"]
[Date "2011.01.23"]
[Round "7"]
[Board "3"]
[White "Hausner, Ivan"]
[Black "Schlosser, Philipp"]
[Result "0-1"]
[WhiteElo "2430"]
[BlackElo "2568"]
[PlyCount "74"]
[EventDate "2010.11.19"]
[EventType "team"]
[EventRounds "11"]
[EventCountry "AUT"]
[WhiteTeam "Mayrhofen/Zillertal"]
[BlackTeam "SK Sparkasse Jenbach"]

1.c4 Nf6 2.d4 e6 3.g3 d5 4.Nf3 Bb4+ 5.Bd2 Be7 6.Bg2 c6 7.Qc2 Nbd7 8.O-O b6
9.cxd5 cxd5 10.Nc3 O-O 11.Bf4 Bb7 12.Rfc1 Rc8 13.Qb3 Rc4 14.Nd1 Ba6 15.Bf1 Qa8
16.Ne3 Rcc8 17.Nd1 Bc4 18.Qa4 a5 19.Nc3 b5 20.Qd1 b4 21.Na4 h6 22.Bd2 Ne4 23.Ne5
Nxe5 24.dxe5 Qb8 25.Be3 Qxe5 26.Nb6 Rcd8 27.Bd4 Qb8 28.Qa4 Bf6 29.Bxf6 Qxb6
30.Bxd8 Qxf2+ 31.Kh1 Rxd8 32.Qxa5 Rf8 33.Qxb4 Bxe2 34.Bxe2 Qxe2 35.Qb3 Nf2+
36.Kg1 Nh3+ 37.Kh1 Qe4+

[Event "1. Bundesliga 2010/2011"]
[Site "Graz"]
[Date "2011.01.23"]
[Round "7"]
[Board "4"]
[White "Acs, Peter"]
[Black "Platzgummer, Fabian"]
[Result "1-0"]
[WhiteElo "2601"]
[BlackElo "2311"]
[PlyCount "81"]
[EventDate "2010.11.19"]
[EventType "team"]
[EventRounds "11"]
[EventCountry "AUT"]
[WhiteTeam "SK Sparkasse Jenbach"]
[BlackTeam "Mayrhofen/Zillertal"]

1.e4 e5 2.Nf3 Nc6 3.Bb5 a6 4.Ba4 Nf6 5.O-O Be7 6.Re1 b5 7.Bb3 d6 8.c3 O-O 9.h3
Na5 10.Bc2 c5 11.d4 Qc7 12.Nbd2 Be6 13.Nf1 Nc4 14.b3 Nb6 15.Ng3 Rfc8 16.d5 Bd7
17.Bg5 c4 18.b4 a5 19.a3 axb4 20.cxb4 Ra6 21.Bc1 Rca8 22.Ne2 Na4 23.Ra2 Qa7
24.Bxa4 Rxa4 25.Nc3 Ra6 26.Be3 Qb7 27.Qa1 Bd8 28.Nd2 Qc8 29.a4 bxa4 30.b5 Ra5
31.Rb1 Bxh3 32.gxh3 Qxh3 33.Rb4 Ng4 34.Nf1 Bh4 35.Rbxa4 f5 36.Rxa5 Rxa5 37.Rxa5
f4 38.Ra8+ Kf7 39.Qa7+ Kg6 40.Rg8 Bf6 41.Qd7

[Event "1. Bundesliga 2010/2011"]
[Site "Graz"]
[Date "2011.01.23"]
[Round "7"]
[Board "5"]
[White "Kleissl, Helmut"]
[Black "Boensch, Uwe"]
[Result "0-1"]
[WhiteElo "2300"]
[BlackElo "2520"]
[PlyCount "96"]
[EventDate "2010.11.19"]
[EventType "team"]
[EventRounds "11"]
[EventCountry "AUT"]
[WhiteTeam "Mayrhofen/Zillertal"]
[BlackTeam "SK Sparkasse Jenbach"]

1.d4 d5 2.c4 e6 3.Nf3 Nf6 4.g3 Be7 5.Bg2 O-O 6.O-O dxc4 7.Qc2 a6 8.Qxc4 b5 9.Qc2
Bb7 10.Bd2 Ra7 11.Rc1 Be4 12.Qb3 Nc6 13.e3 Qa8 14.Qd1 b4 15.Qf1 Rc8 16.Be1 Nd8
17.Nbd2 Bd5 18.Ne5 c5 19.dxc5 Bxc5 20.Nd3 Be7 21.Bxd5 exd5 22.Nb3 a5 23.Nd4 Rac7
24.Rxc7 Rxc7 25.Nf4 Nc6 26.Rc1 Qb7 27.Nxc6 Rxc6 28.Bd2 g5 29.Nd3 Ne4 30.Rxc6
Qxc6 31.Qc1 Qc4 32.Ne5 Qe2 33.Be1 Bf6 34.Nd7 Kg7 35.Nxf6 Kxf6 36.a3 Kg7 37.axb4
axb4 38.h3 h5 39.Kg2 b3 40.Bc3+ Kg6 41.Qe1 Qc2 42.Bd4 g4 43.h4 f6 44.Kg1 Nd2
45.Qa1 Nf3+ 46.Kf1 Qd3+ 47.Kg2 Qe4 48.Kf1 Nxd4

[Event "1. Bundesliga 2010/2011"]
[Site "Graz"]
[Date "2011.01.23"]
[Round "7"]
[Board "6"]
[White "Stangl, Markus"]
[Black "Tabernig, Bernhard"]
[Result "1/2-1/2"]
[WhiteElo "2443"]
[BlackElo "2300"]
[PlyCount "66"]
[EventDate "2010.11.19"]
[EventType "team"]
[EventRounds "11"]
[EventCountry "AUT"]
[WhiteTeam "SK Sparkasse Jenbach"]
[BlackTeam "Mayrhofen/Zillertal"]

1.Nf3 d5 2.c4 c6 3.d4 Nf6 4.Nc3 dxc4 5.a4 Bf5 6.e3 e6 7.Bxc4 Bb4 8.O-O Nbd7
9.Qe2 Bg6 10.e4 Bxc3 11.bxc3 Nxe4 12.Ba3 Qc7 13.Qe3 Nb6 14.Bb3 Nd5 15.Bxd5 cxd5
16.Rfc1 Nd6 17.Qe5 O-O-O 18.Bxd6 Qxd6 19.Qxg7 Rhg8 20.Qf6 Be4 21.Nh4 Kb8 22.f3
Bd3 23.Qxf7 Rdf8 24.Qh5 Qf4 25.Qe5+ Qxe5 26.dxe5 Rf4 27.g4 Be2 28.Kg2 Rgf8
29.Kg3 Bxf3 30.Rf1 Rxg4+ 31.Kh3 Rgf4 32.Kg3 Rg4+ 33.Kh3 Rgf4

[Event "1. Bundesliga 2010/2011"]
[Site "Graz"]
[Date "2011.01.23"]
[Round "7"]
[Board "1"]
[White "Farago, Ivan"]
[Black "Meier, Georg"]
[Result "1/2-1/2"]
[WhiteElo "2448"]
[BlackElo "2669"]
[PlyCount "115"]
[EventDate "2010.11.19"]
[EventType "team"]
[EventRounds "11"]
[EventCountry "AUT"]
[WhiteTeam "ASVOE VHS Poechlarn"]
[BlackTeam "SK Advisory Invest Baden"]

1.d4 d5 2.c4 c6 3.Nc3 dxc4 4.e4 b5 5.a4 b4 6.Na2 Nf6 7.e5 Nd5 8.Bxc4 e6 9.Nf3 a5
10.O-O Be7 11.Bd2 Ba6 12.Qe2 Bxc4 13.Qxc4 Nb6 14.Qc2 Qd5 15.Nc1 N8d7 16.Nd3 c5
17.dxc5 Nxc5 18.Nxc5 Bxc5 19.Rfd1 Rc8 20.Bg5 b3 21.Qe2 Qc4 22.Qxc4 Nxc4 23.Rac1
O-O 24.Rxc4 Bxf2+ 25.Kxf2 Rxc4 26.Be7 Rfc8 27.Nd4 Rxa4 28.Nxb3 Rc2+ 29.Rd2 Rxd2+
30.Nxd2 f6 31.exf6 gxf6 32.Ke3 Kf7 33.Ba3 e5 34.Ne4 h5 35.g3 f5 36.Nc5 Rc4
37.Nb7 Rc2 38.Nxa5 Rxh2 39.Nc4 Ke6 40.b4 h4 41.gxh4 Rxh4 42.Kd3 Rh3+ 43.Kd2 Kd5
44.Nb6+ Ke4 45.Bb2 Rh2+ 46.Kc1 f4 47.Nc4 f3 48.Bxe5 Rh1+ 49.Kd2 f2 50.Ne3 Kxe5
51.Ng4+ Kf4 52.Nxf2 Rh2 53.Ke1 Kf3 54.Nd1 Re2+ 55.Kf1 Re5 56.Nc3 Re8 57.b5 Rc8
58.Nd1

[Event "1. Bundesliga 2010/2011"]
[Site "Graz"]
[Date "2011.01.23"]
[Round "7"]
[Board "2"]
[White "Socko, Bartosz"]
[Black "Tuncer, Ufuk"]
[Result "1-0"]
[WhiteElo "2660"]
[BlackElo "2289"]
[PlyCount "71"]
[EventDate "2010.11.19"]
[EventType "team"]
[EventRounds "11"]
[EventCountry "AUT"]
[WhiteTeam "SK Advisory Invest Baden"]
[BlackTeam "ASVOE VHS Poechlarn"]

1.d4 Nf6 2.c4 g6 3.Nc3 Bg7 4.e4 d6 5.f3 Nc6 6.Be3 O-O 7.Qd2 a6 8.Nge2 Rb8 9.Rc1
Bd7 10.Nd1 e5 11.d5 Ne7 12.c5 Ne8 13.g3 dxc5 14.Bxc5 b6 15.Be3 f5 16.Nf2 Nd6
17.Bg2 Bb5 18.b3 fxe4 19.fxe4 Bxe2 20.Qxe2 Nb5 21.O-O Kh8 22.Qc2 Ng8 23.Nd3
Rxf1+ 24.Bxf1 Qf8 25.Qd2 Nd4 26.Nxe5 Nxb3 27.Nxg6+ hxg6 28.axb3 Nf6 29.Rxc7 Nxe4
30.Qd3 Re8 31.Bd4 Bxd4+ 32.Qxd4+ Kg8 33.d6 Nf6 34.Bc4+ Kh8 35.Rf7 Re1+ 36.Kf2

[Event "1. Bundesliga 2010/2011"]
[Site "Graz"]
[Date "2011.01.23"]
[Round "7"]
[Board "3"]
[White "Kostic, Vladimir"]
[Black "Balogh, Csaba"]
[Result "1/2-1/2"]
[WhiteElo "2448"]
[BlackElo "2601"]
[PlyCount "110"]
[EventDate "2010.11.19"]
[EventType "team"]
[EventRounds "11"]
[EventCountry "AUT"]
[WhiteTeam "ASVOE VHS Poechlarn"]
[BlackTeam "SK Advisory Invest Baden"]

1.e4 c5 2.Nf3 e6 3.d4 cxd4 4.Nxd4 a6 5.Bd3 Bc5 6.Nb3 Ba7 7.Qe2 Nc6 8.Be3 d6
9.N1d2 Nge7 10.O-O O-O 11.Kh1 e5 12.f4 Bxe3 13.Qxe3 exf4 14.Qxf4 Ng6 15.Qg3 Nge5
16.Nf3 Be6 17.Nh4 Qc7 18.Nf5 f6 19.Nbd4 Nxd4 20.Nxd4 Rae8 21.b3 Bf7 22.Ne2 Kh8
23.h3 Qc5 24.Nf4 Re7 25.Rad1 Rfe8 26.Qf2 Rc7 27.Qxc5 dxc5 28.Be2 Nc6 29.Nd5 Rd7
30.Bg4 Rdd8 31.Nc7 Rxe4 32.Rxd8+ Nxd8 33.c3 h5 34.Bf3 Re7 35.Rd1 Nc6 36.Nxa6
bxa6 37.Bxc6 Re2 38.Rd8+ Kh7 39.Bd5 Bxd5 40.Rxd5 Kh6 41.Rxc5 Rxa2 42.b4 h4
43.Rc6 Rc2 44.c4 Kg5 45.c5 Rc4 46.Rb6 a5 47.bxa5 Rxc5 48.a6 Ra5 49.Rb7 g6 50.a7
Ra1+ 51.Kh2 f5 52.Rc7 Kh6 53.Rf7 Kg5 54.Rh7 Kf6 55.Rxh4 Rxa7

[Event "1. Bundesliga 2010/2011"]
[Site "Graz"]
[Date "2011.01.23"]
[Round "7"]
[Board "4"]
[White "Turov, Maxim"]
[Black "Weinzettl, Ernst"]
[Result "1-0"]
[WhiteElo "2635"]
[BlackElo "2330"]
[PlyCount "41"]
[EventDate "2010.11.19"]
[EventType "team"]
[EventRounds "11"]
[EventCountry "AUT"]
[WhiteTeam "SK Advisory Invest Baden"]
[BlackTeam "ASVOE VHS Poechlarn"]

1.c4 e6 2.Nc3 d5 3.d4 c5 4.cxd5 exd5 5.Nf3 Nc6 6.g3 c4 7.Bg2 Bb4 8.O-O Nge7
9.Ne5 O-O 10.Nxc6 bxc6 11.Na4 Bf5 12.b3 c3 13.Qe1 Ba5 14.Ba3 Re8 15.Nxc3 Ng6
16.Qd2 Qd7 17.Rac1 h5 18.b4 Bc7 19.b5 Ba5 20.bxc6 Qxc6 21.Qg5